Länder, die eine Person in den Weltraum geschickt haben. - Statistiken

Allgemein
  • Dieses Quiz wurde 431 mal gespielt
    299 seit der letzten Aktualisierung
  • Das Durchschnittsergebnis liegt bei 26 aus 42
Antwortstatistiken
Anzahl der Raumfahrer Land % Korrekt
58 Russland
99%
365 Vereinigte Staaten
99%
11 Deutschland
98%
16 China
97%
14 Japan
93%
10 Frankreich
92%
11 Kanada
92%
1 Spanien
90%
7 Italien
88%
1 Indien
87%
7 Vereinigtes Königreich
87%
1 Mexiko
85%
2 Schweden
84%
1 Brasilien
82%
2 Australien
79%
1 Österreich
76%
1 Polen
76%
1 Südkorea
76%
1 Schweiz
71%
3 Niederlande
70%
2 Belgien
67%
1 Dänemark
67%
1 Ukraine
66%
1 Südafrika
58%
72 Sowjetunion
56%
2 Ungarn
55%
3 Kasachstan
49%
1 Iran
47%
1 Rumänien
47%
3 Saudi-Arabien
46%
2 Bulgarien
42%
2 Israel
40%
1 Slowakei
36%
1 Vietnam
36%
2 Vereinigte Arabische Emirate
32%
1 Kuba
28%
1 Mongolei
25%
1 Deutsche Demokratische Republik
22%
1 Malaysia
21%
1 Tschechoslowakei
21%
1 Syrien
17%
1 Afghanistan
15%
Keine übereinstimmenden Quizze gefunden
Verteilung der Resultate
Anzahl Personen mit jedem Resultat
Perzentil nach korrekt beantworteten Fragen
Ihre Resultats-Entwicklung
Sie haben dieses Quiz seit der letzten Aktualisierung nicht gespielt